| 000 | 00454nam a2200145Ia 4500 | ||
|---|---|---|---|
| 008 | 210430s9999 xx 000 0 und d | ||
| 020 | _a0131889230 (hardcover) | 97801 | ||
| 082 | _a003 T1286 O | ||
| 100 |
_aTaha, Hamdy A. _98609 |
||
| 245 |
_aOperations research : _cTaha, Hamdy A. |
||
| 260 |
_a[S.l.] : _bPrentice Hall, _c2006 |
||
| 300 | _a813 p. ; | ||
| 856 | _uhttp://www.amazon.com/exec/obidos/ASIN/0131889230/chopaconline-20 | ||
| 942 |
_cBK _2ddc |
||
| 999 |
_c562425 _d562425 |
||